00838nam a2200229 a 450000100060000000300080000600500170001400800410003103500190007204000260009104100080011708200260012511000710015124500920022226000370031430000340035165000370038565100350042294200120045799900170046995201220048634950BD-RjUL20211209052233.0140520q1964 pk 00000 eng d a(BD-RjUL)35044 aBD-RjULbengcBD-RjUL aeng04a363.96 219bFAM 196410aPakistan.bMinistry of Health, Labour, and Social Welfare.910439110aFamily planning scheme for Pakistan during the third five year plan period, 1965-1970 /0 aRawalpindi :c1964.bRawalpindi, aiv, 192 p. :bill. ; c29 cm. 0aBirth controlzPakistan.9104343 0aPakistanxPopulations.9106392 2ddccBK c34950d34950 00102ddc40718NFICaRUCLbRUCLcReadingd2014-05-20l0o363.96 FAM 1964r2014-05-20 00:00:00tC-1w2014-05-20yBK